000 00338nam a22001337a 4500
005 20200622121752.0
008 200620b xxu||||| |||| 00| 0 eng d
082 _a348.5412 JBCJ
245 _aJHARKHAND BAR COUNCIL JOURNAL 2019 [2]
260 _aRANCHI
_bJSBC RANCHI, JHARKHAND
300 _a832;p
650 _aLAW
_95701
942 _cJRL
999 _c7352
_d7350